| 000 | 01123cam a2200241 4500 | ||
|---|---|---|---|
| 001 | ABS66520 | ||
| 008 | 030331n2003 000 0 eng u | ||
| 035 | _a(Sirsi) u121809 | ||
| 100 | _aSkea, J. | ||
| 245 | _aLinking EMS with regulation? | ||
| 260 | _c2003 | ||
| 490 |
_aEnvironment Information Bulletin _v (127) March 2003, 13-16(4) |
||
| 520 | _aArgues that if environmental management systems are to be used to streamline regulation they must supply evidence that they lead to improved environmental performance. Gives a number of examples as to how this can be assessed such as the collection and analysis of data on performance. Uses graphs to illustrate how EMS can be evaluated and links improvement to the relevant legislation, such as ISO 14001: 1996. Environmental management systems: specification with guidance for use. | ||
| 590 | _aABS | ||
| 650 | _aEMS | ||
| 650 | _aENVIRONMENTAL MANAGEMENT SCHEMES | ||
| 650 | _aISO 14001: 1996 | ||
| 650 | _aEMAS | ||
| 690 | _aENVIRONMENTAL AND LAND CONSULTANCY-ENVIRONMENTAL MANAGEMENT | ||
| 700 | _aDahlstrom, K. | ||
| 700 | _aHowes, C. | ||
| 942 | _n0 | ||
| 999 |
_c72390 _d72390 |
||